[Event "ICA Summer Classic (Open)"]
[Site "Boise, ID"]
[Date "2013.08.18"]
[Round "5.5"]
[White "Ong, Chong-Jin"]
[Black "Gorman, Cody Austin"]
[Result "0-1"]
[WhiteElo "1747"]
[BlackElo "1657"]
[EventRounds "5"]
[EventCountry "USA"]

1. e4 b6 2. d4 Bb7 3. Bd3 e6 4. Nf3 c5 5. c3 Nf6 6. Bg5 h6 7. Bxf6 Qxf6 8.
Nbd2 cxd4 9. cxd4 Bb4 10. O-O g5 11. Nb3 Nc6 12. a3 Be7 13. e5 Qg7 14. Nfd2 f5
15. exf6 Bxf6 16. Ne4 Be7 17. Bc2 a5 18. d5 exd5 19. Qxd5 Qxb2 20. Qd2 O-O-O
21. Rfb1 Qe5 22. Qc3 Kc7 23. Qd3 d5 24. Ned2 g4 25. Qb5 Bd6 26. g3 d4 27. Qc4
b5 28. Qd3 Qd5 29. Qe4 Qxe4 30. Bxe4 Kb6 31. Ra2 Be5 32. Nc1 Bf6 33. Rab2 Ba6
34. Nd3 Na7 35. Nc4+ Kc7 36. Nxa5 Rhe8 37. Bg2 Bc8 38. Rc2+ Kd6 39. Nc6 Bf5
40. Nxa7 Bxd3 41. Rc6+ Ke7 42. Re1+ Kf7 43. Rd1 Bc4 44. a4 d3 45. axb5 d2 46.
Rc7+ Kf8 47. Rxd2 Re1+ 48. Bf1 Bxf1 49. Rxd8+ Bxd8 {#R} 0-1

[Event "BCC #12"]
[Site "Boise, ID"]
[Date "2015.12.05"]
[Round "1.2"]
[White "Sanderson, Kenneth"]
[Black "Ong, Chong-Jin"]
[Result "0-1"]
[WhiteElo "1423"]
[BlackElo "1731"]

1. e4 c6 2. d4 d5 3. Nc3 dxe4 4. Nxe4 Bf5 5. Ng3 Bg6 6. h4 h6 7. Nf3 Nd7 8.
Bd3 Bxd3 9. Qxd3 e6 10. Be3 Ngf6 11. O-O-O Bd6 12. Ne4 Nxe4 13. Qxe4 Nf6 14.
Qd3 Qa5 15. Kb1 O-O-O 16. Qb3 Qb6 17. Qxb6 axb6 18. Ne5 Bxe5 19. dxe5 Nd5 20.
Rd3 Nxe3 21. fxe3 Kc7 22. Rf1 Rhf8 23. Kc1 f6 24. exf6 Rxf6 25. Rxf6 gxf6 26.
Kd2 Rg8 27. Rd4 Rxg2+ 28. Kd3 h5 29. Rf4 f5 30. e4 fxe4+ 31. Rxe4 Kd6 32. b3
e5 33. a4 Kd5 34. Re1 Rg3+ 35. Re3 Rg4 36. Rh3 c5 37. c4+ Ke6 38. Ke3 Kf5 39.
Kf3 Rd4 40. Ke3 e4 41. Rg3 Rd3+ 42. Kf2 Rxg3 43. Kxg3 Ke5 {#R} 0-1

[Event "BCC #12"]
[Site "Boise, ID"]
[Date "2015.12.05"]
[Round "3.2"]
[White "Ong, Chong-Jin"]
[Black "Liu, James"]
[Result "1-0"]
[WhiteElo "1731"]
[BlackElo "1209"]

1. e4 c5 2. Nc3 e6 3. f4 Nc6 4. Nf3 d5 5. Bb5 d4 6. Ne2 Bd7 7. d3 Bd6 8. O-O
Nge7 9. Bd2 O-O 10. a3 a6 11. Bxc6 Bxc6 12. Qe1 Qd7 13. Qh4 Ng6 14. Qh3 e5 15.
f5 Nf4 16. Nxf4 exf4 17. Rae1 Rae8 18. Qh4 Qc7 19. Ng5 h6 20. Nh3 f3 21. Rxf3
Bxh2+ 22. Kh1 Be5 23. f6 Re6 24. Bxh6 Bxf6 25. Bg5 Bxg5 26. Qxg5 Rg6 27. Qxc5
Qd6 28. Qxd6 Rxd6 29. Ref1 Rg6 30. Kh2 f6 31. Nf4 Rh6+ 32. Kg1 Rf7 33. Ne2 Rd7
34. Rf5 Rg6 35. Nc1 Kf7 36. Nb3 b6 37. Nd2 Bb7 38. Nc4 Rc7 39. Ne5+ {#r} 1-0

[Event "BCC #12"]
[Site "Boise, ID"]
[Date "2015.12.05"]
[Round "4.1"]
[White "Ong, Chong-Jin"]
[Black "Buus, Jarod N"]
[Result "1-0"]
[WhiteElo "1731"]
[BlackElo "1710"]

1. e4 c5 2. Nc3 a6 3. f4 d6 4. Nf3 e6 5. g3 b5 6. d3 Bb7 7. Bg2 Qc7 8. O-O Nd7
9. Qe1 b4 10. Nb1 Ngf6 11. e5 dxe5 12. Nxe5 Bxg2 13. Kxg2 Bd6 14. Nxd7 Qxd7
15. Nd2 O-O 16. Nc4 Qb7+ 17. Kg1 Be7 18. Bd2 Nd5 19. Qe4 Qc7 20. Rae1 Bf6 21.
Bc1 Rfd8 22. f5 Bd4+ 23. Kh1 Nf6 24. Qf3 Rd5 25. fxe6 fxe6 26. Rxe6 Rad8 27.
Rfe1 Qf7 28. Re7 Qg6 29. Ne5 Bxe5 30. R7xe5 Qf7 31. Bg5 h6 32. Bxf6 Rxe5 33.
Rxe5 gxf6 34. Qg4+ Kh8 35. Rh5 Qh7 36. Qf4 {#r} 1-0

[Event "FM David Lucky Simul"]
[Site "Boise, ID"]
[Date "2016.01.30"]
[Round "14"]
[White "Lucky, David"]
[Black "Ong, Chong-Jin"]
[Result "1-0"]
[WhiteElo "2381"]
[BlackElo "1757"]
[EventCountry "USA"]

1. c4 c5 2. Nf3 g6 3. g3 Bg7 4. Bg2 Nc6 5. O-O e5 6. Nc3 d6 7. a3 a5 8. Ne1
Nge7 9. Nc2 O-O 10. Rb1 a4 11. Ne3 Nd4 12. Ned5 Nxd5 13. Nxd5 Bf5 14. d3 Bd7
15. Bd2 Bc6 16. f4 f6 17. Bc3 Ra6 18. Qd2 Bh6 19. Rf2 f5 20. e3 Bg7 21. Re1
Ne6 22. Ref1 Qd7 23. fxe5 dxe5 24. g4 f4 25. exf4 exf4 26. Bxg7 Kxg7 27. Nxf4
Nxf4 28. Rxf4 Rxf4 29. Qxf4 Qd4+ 30. Qxd4+ cxd4 31. Bxc6 bxc6 32. Rf2 Rb6 33.
Kg2 Rb3 34. Rd2 Kf6 35. Kf3 c5 36. Ke4 Ke6 37. g5 Rb7 38. Rf2 Rb3 39. h4 Ke7
40. Re2 Kd6 41. Rd2 Ke6 42. Re2 Kd6 43. Rf2 Ke7 44. Kd5 Rxd3 45. Kxc5 Rd1 46.
Kb4 d3 47. Kxa4 d2 48. Kb3 Kd6 49. Kc2 Rc1+ 50. Kxd2 Rxc4 51. Rh2 Ra4 52. Kc3
Kc6 53. Kb3 Kb5 54. Rh3 Rg4 55. Ka2 Rg2 56. Rb3+ Ka6 57. Rb4 Rg3 58. Re4 Rh3
59. a4 Ka5 60. b3 Rh2+ 61. Ka3 Rh3 62. Rd4 Rf3 63. Rd5+ Ka6 64. Rd7 {#r} 1-0

[Event "Idaho Closed"]
[Site "Twin Falls, ID"]
[Date "2016.02.13"]
[Round "1.7"]
[White "Ong, Chong-Jin"]
[Black "Shouse, Donald L"]
[Result "1-0"]
[WhiteElo "1757"]
[BlackElo "1139"]
[EventRounds "6"]
[EventCountry "USA"]

1. e4 e5 2. Nf3 Nc6 3. d4 exd4 4. Bc4 h6 5. O-O d6 6. Nxd4 Nxd4 7. Qxd4 Qf6 8.
Qd3 Bd7 9. Nc3 c6 10. Be3 Be6 11. Bb3 Ne7 12. f4 Nc8 13. Rad1 Bxb3 14. axb3
Be7 15. Bd4 Qg6 16. Rf3 f6 17. Ne2 O-O 18. f5 Qf7 19. Nf4 Re8 20. Rg3 Bf8 21.
Be3 Qe7 22. Ne6 Nb6 23. Bxh6 Kh8 24. Bxg7+ Bxg7 25. Rxg7 Qxg7 26. Nxg7 Kxg7
27. Qg3+ Kh8 28. Qg6 d5 29. Rd3 Re7 30. Rh3+ Rh7 31. Rxh7# 1-0

[Event "Idaho Closed"]
[Site "Twin Falls, ID"]
[Date "2016.02.13"]
[Round "2.5"]
[White "Amen, Chris"]
[Black "Ong, Chong-Jin"]
[Result "1-0"]
[WhiteElo "1655"]
[BlackElo "1757"]
[EventRounds "6"]
[EventCountry "USA"]

1. e4 c6 2. d4 d5 3. e5 Bf5 4. Nf3 e6 5. Be2 Nd7 6. O-O Bg6 7. Be3 Nh6 8. Bxh6
gxh6 9. c4 Bg7 10. Nc3 Nb6 11. c5 Nd7 12. b4 O-O 13. Ne1 f6 14. f4 fxe5 15.
fxe5 Rxf1+ 16. Bxf1 Qg5 17. Qc1 Qe7 18. Nf3 Rf8 19. b5 Rf5 20. Qe3 Rf7 21. a4
Qd8 22. a5 Qc7 23. a6 bxa6 24. Rxa6 Nb8 25. Ra2 Rf8 26. bxc6 Nxc6 27. Nb5 Qb8
28. Ra6 Be8 29. Nd6 Nb4 30. Ra5 Nc6 31. Rb5 Qd8 32. Rb7 Rf7 33. Nxf7 Bxf7 34.
Bb5 Be8 35. Qf4 Ne7 36. c6 Nc8 37. Qg4 Bf7 38. Rd7 Qa5 39. c7 Kf8 40. Rd8+ Ke7
41. Qh4+ {#r} 1-0

[Event "Idaho Closed"]
[Site "Twin Falls, ID"]
[Date "2016.02.15"]
[Round "6.4"]
[White "Ong, Chong-Jin"]
[Black "Inman, James"]
[Result "0-1"]
[WhiteElo "1757"]
[BlackElo "1762"]
[EventRounds "6"]
[EventCountry "USA"]

1. e4 c6 2. d4 d5 3. exd5 cxd5 4. Bd3 Nc6 5. c3 Qc7 6. Ne2 Bg4 7. f3 Bh5 8.
Bf4 Qd7 9. Nd2 e6 10. Qa4 Bd6 11. Bxd6 Qxd6 12. O-O Nge7 13. Rfe1 O-O 14. Qc2
Bg6 15. f4 Rac8 16. a3 Nf5 17. Qb1 Na5 18. Kf2 b5 19. g3 Nc4 20. Nxc4 bxc4 21.
Bc2 Rb8 22. Qc1 Rb7 23. Ng1 Rfb8 24. Rb1 Qc7 25. Nf3 Nd6 26. Bxg6 hxg6 27. Ng5
Rb3 28. Qc2 Qb6 29. Re2 Rxa3 30. Kf3 Nf5 31. Rd1 Rb3 32. Kf2 Rxb2 33. Qa4
Rxe2+ 34. Kxe2 Qb2+ 35. Rd2 Qxc3 36. Qxa7 Qe3+ 37. Kd1 Rb1+ 38. Kc2 Qb3# 0-1